Múzeum a galéria fotografie (Museum and Gallery of Photography)

Salvato in:
Dettagli Bibliografici
Autore principale: Heinsch, Tomáš (Autore)
Altri autori: Andráš, Milan (Relatore della tesi)
Natura: Manoscritto Libro
Lingua:slovacco
Pubblicazione: Bratislava 2016
Soggetti:
Accesso online:http://is.stuba.sk/zp/portal_zp.pl?podrobnosti=102402
Tags: Aggiungi Tag
Nessun Tag, puoi essere il primo ad aggiungerne!!

MARC

LEADER 00000ntm a22000003a 4500
001 stuzp57426
003 SK-STU
005 20210222083500.6
007 ta
008 150427s2015----xo-----f-mn---000-0-slo-d
040 |a STU  |b slo 
041 0 |a slo 
100 1 |a Heinsch, Tomáš  |u 058180  |4 aut  |U FAD Fakulta architektúry  |T FA Ústav architektúry občianskych budov  |X 61680  |U A8180  |Y 399  |7 61680 
242 0 1 |a Múzeum a galéria fotografie (Museum and Gallery of Photography)  |y eng 
245 1 0 |a Múzeum a galéria fotografie (Museum and Gallery of Photography) 
260 |c 2016  |a Bratislava 
650 4 |a galéria  |2 slo 
650 4 |a obscura  |2 slo 
650 4 |a camera  |2 slo 
650 4 |a camera  |2 eng 
650 4 |a gallery  |2 eng 
650 4 |a obscura  |2 eng 
700 1 |a Andráš, Milan  |u 058180  |k Z1  |4 ths  |U FAD Fakulta architektúry  |T FA Ústav architektúry občianskych budov  |X 4208  |U A8180  |Y 399  |7 A000004208 
856 4 |u http://is.stuba.sk/zp/portal_zp.pl?podrobnosti=102402  |u https://opac.crzp.sk/?fn=detailBiblioForm&sid=28C7416B5E23CF19957E70CEF8E1 
SQL |a stuzp57426  |b DBP  |c SLO  |d Múzeum a galéria fotografie (Museum and Gallery of Photography)  |e 61680  |f Heinsch, Tomáš  |g 058180  |h 4208  |i Andráš, Milan  |j 20160610  |k 149  |l 05  |m http://is.stuba.sk/zp/portal_zp.pl?podrobnosti=102402  |n B-AU  |o 5.1.1. architektúra a urbanizmus